Intimate class acts: (Record no. 101850)

MARC details
000 -LEADER
fixed length control field 01079nam a22002537a 4500
005 - DATE AND TIME OF LATEST TRANSACTION
control field 20180228104100.0
010 ## - LCCN (DPL NO)
LC control number 1617EN ENG-116229
020 ## - INTERNATIONAL STANDARD BOOK NUMBER
International Standard Book Number 9780199466740
Terms of availability 750.00
035 ## - SYSTEM CONTROL NUMBER
System control number B-650008-014
035 ## - SYSTEM CONTROL NUMBER
System control number EN-99761
035 ## - SYSTEM CONTROL NUMBER
System control number B-664912
037 ## - SOURCE OF ACQUISITION
Source of stock number/acquisition Uppal
Stock number dpl
037 ## - SOURCE OF ACQUISITION
Source of stock number/acquisition DBAD/PUB
082 ## - DEWEY DECIMAL CLASSIFICATION NUMBER
Classification number 883.08
100 ## - MAIN ENTRY--PERSONAL NAME
Personal name Mirza, Maryam
245 ## - TITLE STATEMENT
Title Intimate class acts:
Remainder of title friendship and desire in Indian and Pakistani women's fiction /
Statement of responsibility, etc by Maryam Mirza
260 ## - PUBLICATION, DISTRIBUTION, ETC. (IMPRINT)
Place of publication, distribution, etc New Delhi
Name of publisher, distributor, etc Oxford University Press
Date of publication, distribution, etc 2016
270 ## - ADDRESS
Address YMCA Library Building, 1 Jai Singh Road,
City New Delhi
Postal code 110001
300 ## - PHYSICAL DESCRIPTION
Extent xxx, 336p.
Dimensions 22cm(Hb)
500 ## - GENERAL NOTE
General note Includes bibliographical references and index
942 ## - ADDED ENTRY ELEMENTS (KOHA)
Source of classification or shelving scheme Dewey Decimal Classification
Item type English Books
Call number suffix MIR
Classification part 883.08
Holdings
Withdrawn status Lost status Not for loan Home library Current library Date acquired Source of acquisition Cost, normal purchase price Full call number Barcode Copy number Cost, replacement price Koha item type Collection code
      Ashok Vihar Ashok Vihar 19/10/2016 DBAD/PUB 750.00 883.08 MIR EN-99761 1 750.00 English Books  
      Ashok Vihar Ashok Vihar 28/02/2018 Uppal/14146/27.2.2017/EN/AV/473/15.2.2017/7.3.2017 750.00 883.08 MIR B-664912 1 750.00 English Books Non-fiction
      Bawana Bawana 09/03/2017 BPPD/EN/2016-17/307/24.11.2016/13892/5.12.2013/2.1.2017 750.00 883.08 MIR B-650012 1 750.00 English Books Non-fiction
      Central Library Central Library 09/03/2017 BPPD/EN/2016-17/307/24.11.2016/13892/5.12.2013/2.1.2017 750.00 883.08 MIR B-650008 1 750.00 English Books Non-fiction
      Janak Puri Janak Puri 09/03/2017 BPPD/EN/2016-17/307/24.11.2016/13892/5.12.2013/2.1.2017 750.00 883.08 MIR B-650011 1 750.00 English Books Non-fiction
      Kasturba Gandhi Marg Kasturba Gandhi Marg 09/03/2017 BPPD/EN/2016-17/307/24.11.2016/13892/5.12.2013/2.1.2017 750.00 883.08 MIR B-650010 1 750.00 English Books Non-fiction
      Patel Nagar Patel Nagar 09/03/2017 BPPD/EN/2016-17/307/24.11.2016/13892/5.12.2013/2.1.2017 750.00 883.08 MIR B-650009 1 750.00 English Books Non-fiction
      Shahdara Branch Shahdara Branch 09/03/2017 BPPD/EN/2016-17/307/24.11.2016/13892/5.12.2013/2.1.2017 750.00 883.08 MIR B-650013 1 750.00 English Books Non-fiction
      Yojana Vihar Yojana Vihar 09/03/2017 BPPD/EN/2016-17/307/24.11.2016/13892/5.12.2013/2.1.2017 750.00 883.08 MIR B-650014 1 750.00 English Books Non-fiction

© Delhi Public Library
Hit Counter
free hit counter